000 00614nam a2200193Ia 4500
003 GCL
008 140319s9999 xx 000 0 ara d
040 _aGCL /
_cGCL
082 0 4 _a416
_bم م
100 1 _aمحجوب موسى
245 1 0 _aالميزان: علم العروض كما لم بعرض من قبل /
_cمحجوب موسى
300 _a430 ص
490 _aسلسلة كتب غيرمسبوقة - 3 -
_v0
650 0 4 _aالاوزان الشعرية
650 0 4 _aاللغة العربية
650 0 4 _aالبلاغة العربية
650 0 4 _aالعروض والقوافى
942 _2ddc
_cBK
999 _c51800
_d51800